| 000 | 00653nam a22002057a 4500 | ||
|---|---|---|---|
| 005 | 20251108164652.0 | ||
| 008 | 250721s1998 xx 000 0 ara d | ||
| 082 | 1 | 4 | _a657.9/عتي |
| 100 | 1 | _aعتيق، إبراهيم | |
| 245 | 1 | 0 |
_aمحاسبة شركات الأشخاص : _bالأصول العلمية و العملية / |
| 264 | 1 |
_aعمان : _bمؤسسة الوراق، _c1998. |
|
| 300 | _a271ص | ||
| 650 | 1 | 7 | _aالمحاسبة |
| 650 | 1 | 7 | _aشركات التضامن |
| 650 | 1 | 7 | _aالشركات الخاصة |
| 700 | 1 | _aالنوايسة، محمد | |
| 700 | 1 | _aنور، عبد الناصر | |
| 942 |
_2ddc _cBK |
||
| 999 |
_c11368 _d11368 |
||